Datum a čas kvízu
31.5
Celkem bodů
Celkový počet nahraných bodů na tomto kvízu bez doplňovacích otázek.
1.
Pořadí na kvízu
Konečné umístění týmu na tomto kvízu.
Zaznamenané odpovědi
| # | Otázka | Odpověď | Body | Výsledky |
|---|---|---|---|---|
| 1. | Minulé pondělí došlo k obnoven... | Družba | 1 | |
| 2. | Bílý dům chtěl po americkém ná... | John McCain | 0 | |
| 3. | Spekulace o obsazení hlavní ro... | Robert Pattinson | 0 | |
| 4. | Italsko-americká automobilka F... | Renault | 0 | |
| 5. | Fotbalový klub z Birminghamu s... | Aston Villa | 1 | |
| 6. | Začneme složením vzduchu. Že j... | 1D 2B 3A 4C | 0 | |
| 7. | Kvalitě vzduchu v restauracích... | 2. čtvrtletí 2017 | 1 | |
| 8. | Že má tento přístroj něco spol... | anemometr | 1 | |
| 9. | Pod čísly 1 a 2 vidíme označen... | okluzní fronta | 1 | |
| 10. | Jak se nazývá dýchací systém n... | vzdušnice | 0 |